[Event "EU Union-ch U14"]
[Site "Kouty nad Desnou"]
[Date "2019.08.19"]
[Round "4"]
[White "Rudnik, Viktoria"]
[Black "Zumrik, Lukas"]
[Result "1-0"]
[WhiteElo "1414"]
[BlackElo "1631"]
[PlyCount "135"]
[EventDate "2019.08.16"]
[EventType "swiss"]
[EventRounds "9"]
[EventCountry "CZE"]
[SourceTitle "EXT 2020"]
[Source "ChessBase"]
[SourceDate "2019.10.17"]
[SourceVersion "1"]
[SourceVersionDate "2019.10.17"]
[SourceQuality "1"]

1. d4 d5 2. Bf4 Nf6 3. e3 e6 4. c3 c5 5. Bd3 Bd6 6. Bg3 Qc7 7. Nf3 Nbd7 8. Nbd2 0-0 9. 0-0 Bxg3 10. hxg3 e5 11. dxe5 Nxe5 12. Nxe5 Qxe5 13. Nf3 Qh5 14. Qe2 Re8 15. Qc2 Bg4 16. Nh4 Re5 17. Nf3 Bxf3 18. gxf3 Qxf3 19. Be2 Qe4 20. Qxe4 Nxe4 21. Rad1 Nf6 22. Bf3 Kf8 23. Rd2 Ne4 24. Rd3 Rf5 25. Kg2 Re8 26. Rfd1 Ng5 27. Rxd5 Rxd5 28. Rxd5 Nxf3 29. Kxf3 b6 30. Rd7 Re7 31. Rd5 Ke8 32. e4 f6 33. Ke3 g5 34. f4 gxf4+ 35. Kxf4 Kf7 36. Kf5 Kg7 37. Rd6 Re5+ 38. Kf4 Re7 39. g4 h6 40. Rd5 Kg6 41. a4 Rc7 42. Rd6 Kg7 43. Kf5 Rf7 44. a5 b5 45. b3 c4 46. b4 Rf8 47. a6 Rf7 48. Rd5 Re7 49. Rxb5 Kf8 50. Rc5 Kf7 51. b5 Ke8 52. Rxc4 Re5+ 53. Kxf6 Rxb5 54. Rc6 Rg5 55. Rc7 Rxg4 56. Rxa7 Rxe4 57. Rh7 Ra4 58. a7 Ra6+ 59. Ke5 Ra5+ 60. Kd4 Ra4+ 61. Kd3 Ra3 62. Rh8+ Kf7 63. a8Q Rxa8 64. Rxa8 Kg6 65. c4 h5 66. c5 h4 67. Rh8 Kg5 68. c6 1-0

[Event "SVK-ch U14"]
[Site "Liptovsky Mikulas"]
[Date "2019.04.23"]
[Round "1"]
[White "Zacik, Tibor Gregor"]
[Black "Zumrik, Lukas"]
[Result "0-1"]
[WhiteElo "1258"]
[BlackElo "1730"]
[PlyCount "88"]
[EventDate "2019.04.23"]
[EventType "swiss"]
[EventRounds "9"]
[EventCountry "SVK"]
[SourceTitle "CBM 190 Extra"]
[Source "ChessBase"]
[SourceDate "2019.07.15"]
[SourceVersion "1"]
[SourceVersionDate "2019.07.15"]
[SourceQuality "1"]

1. e4 e6 2. d4 d5 3. exd5 exd5 4. Nc3 c6 5. Bd3 Bd6 6. Nge2 Ne7 7. 0-0 0-0 8. Bf4 Bf5 9. Bxd6 Qxd6 10. Bxf5 Nxf5 11. Qd3 Qf6 12. Rfe1 Nd7 13. Rad1 Rfe8 14. Ng3 Rxe1+ 15. Rxe1 Nxd4 16. Nce4 Qe5 17. Re3 Ne6 18. Nc3 Qf6 19. Nd1 Ndc5 20. Qf5 Qxf5 21. Nxf5 Re8 22. Nd4 Kf8 23. Nxe6+ Nxe6 24. Rh3 Ng5 25. Re3 Ne4 26. f3 Nd6 27. Rxe8+ Kxe8 28. Kf2 Ke7 29. Ne3 Ke6 30. c3 Nf5 31. Nxf5 Kxf5 32. Ke3 c5 33. f4 b6 34. g3 Kg4 35. f5 Kxf5 36. h3 Ke5 37. a4 d4+ 38. Kd3 Kd5 39. b4 c4+ 40. Kd2 d3 41. Ke3 Ke5 42. b5 f5 43. Kf3 g5 44. g4 f4 0-1

[Event "EU Union-ch U12"]
[Site "Kouty nad Desnou"]
[Date "2018.08.07"]
[Round "1"]
[White "Nespora, Tatana"]
[Black "Zumrik, Lukas"]
[Result "1-0"]
[WhiteElo "1290"]
[BlackElo "1566"]
[PlyCount "117"]
[EventDate "2018.08.07"]
[EventType "swiss"]
[EventRounds "9"]
[EventCountry "CZE"]
[SourceTitle "CBM 186 Extra"]
[Source "ChessBase"]
[SourceDate "2018.08.24"]
[SourceVersion "1"]
[SourceVersionDate "2018.08.24"]
[SourceQuality "1"]

1. e4 e6 2. Nf3 d5 3. e5 c5 4. b4 cxb4 5. d4 Nc6 6. a3 bxa3 7. c3 a6 8. Bd3 b5 9. Bxa3 Bxa3 10. Nxa3 Bb7 11. 0-0 Rc8 12. Nb1 Nge7 13. Ng5 Ng6 14. f4 Nce7 15. g4 h6 16. Nxf7 Kxf7 17. f5 Nf8 18. Qf3 Ke8 19. fxe6 Nxe6 20. Qf7+ Kd7 21. Bf5 Rc6 22. Nd2 Qe8 23. Qxg7 Kd8 24. Bxe6 Rxe6 25. Rf6 Rg8 26. Qh7 Rxg4+ 27. Kh1 Qc6 28. Raf1 Rg6 29. Qh8+ Kd7 30. Nb3 Rexf6 31. exf6 Qxc3 32. Nc5+ Kc7 33. fxe7 Rg1+ 34. Kxg1 Qe3+ 35. Kh1 Qxe7 36. Qe5+ Qxe5 37. dxe5 Bc8 38. e6 Kd6 39. Rf8 Bxe6 40. Nxe6 Kxe6 41. Ra8 d4 42. Kg1 Kd5 43. Kf1 b4 44. Rxa6 b3 45. Rxh6 Kc4 46. Ke2 Kc3 47. Kd1 d3 48. Rb6 Kc4 49. h4 Kc3 50. h5 Kb2 51. h6 Ka2 52. h7 b2 53. h8Q b1Q+ 54. Rxb1 Kxb1 55. Qc3 d2 56. Kxd2 Ka2 57. Qb4 Ka1 58. Kc2 Ka2 59. Qa4# 1-0

[Event "SVK-ch U12"]
[Site "Liptovsky Mikulas"]
[Date "2018.04.24"]
[Round "6"]
[White "Zumrik, Lukas"]
[Black "Kulich, Daniel"]
[Result "1-0"]
[WhiteElo "1468"]
[BlackElo "1118"]
[PlyCount "97"]
[EventDate "2018.04.21"]
[EventType "swiss"]
[EventRounds "9"]
[EventCountry "SVK"]
[SourceTitle "CBM 184 Extra"]
[Source "ChessBase"]
[SourceDate "2018.06.28"]
[SourceVersion "1"]
[SourceVersionDate "2018.06.28"]
[SourceQuality "1"]

1. d4 e5 2. dxe5 Nc6 3. Nf3 Qe7 4. Nc3 Nxe5 5. e4 Nf6 6. Bg5 h6 7. Bxf6 Qxf6 8. Nd5 Qd6 9. Be2 Nxf3+ 10. Bxf3 c6 11. Nc3 Qxd1+ 12. Rxd1 Bb4 13. Bg4 Bxc3+ 14. bxc3 0-0 15. Bxd7 Bxd7 16. Rxd7 b6 17. 0-0 Rfd8 18. Rfd1 Rxd7 19. Rxd7 Re8 20. f3 Re5 21. Rxa7 Rc5 22. Ra3 Rb5 23. Rb3 Rc5 24. Kf2 b5 25. Ke3 Re5 26. Rb1 f5 27. Kd4 Re6 28. e5 c5+ 29. Kd5 Re8 30. Rxb5 Ra8 31. Rb2 Rd8+ 32. Kxc5 Rd2 33. g4 fxg4 34. fxg4 Rxh2 35. Kd6 Rg2 36. e6 Kh7 37. e7 Rd2+ 38. Kc7 Re2 39. Kd8 Rd2+ 40. Ke8 Kg8 41. Rb4 Rxc2 42. Kd7 Rd2+ 43. Rd4 Rxa2 44. e8Q+ Kh7 45. Qe4+ Kh8 46. Kc6 Ra6+ 47. Kb7 g6 48. Rd8+ Kg7 49. Qe7# 1-0

[Event "SVK-ch U12"]
[Site "Liptovsky Mikulas"]
[Date "2018.04.22"]
[Round "2"]
[White "Zumrik, Lukas"]
[Black "Babjarcik, Tobias"]
[Result "1-0"]
[WhiteElo "1468"]
[BlackElo "1184"]
[PlyCount "119"]
[EventDate "2018.04.21"]
[EventType "swiss"]
[EventRounds "9"]
[EventCountry "SVK"]
[SourceTitle "CBM 184 Extra"]
[Source "ChessBase"]
[SourceDate "2018.06.28"]
[SourceVersion "1"]
[SourceVersionDate "2018.06.28"]
[SourceQuality "1"]

1. d4 d5 2. c4 e6 3. Nc3 Nf6 4. cxd5 exd5 5. Bg5 Be7 6. e3 0-0 7. Bd3 c6 8. Nge2 Nbd7 9. Qc2 Re8 10. h3 Qc7 11. Bf4 Bd6 12. Nb5 Qa5+ 13. Qc3 Bb4 14. Nc7 Bxc3+ 15. Nxc3 Nb6 16. a3 Nc4 17. b4 Qb6 18. Na4 Qxc7 19. Bxc7 Re7 20. Bd8 Re8 21. Bxf6 gxf6 22. Ra2 f5 23. 0-0 b6 24. Rc1 b5 25. Nc5 Nb6 26. Nb3 Nc4 27. a4 bxa4 28. Bxc4 dxc4 29. Nc5 Be6 30. Nxe6 fxe6 31. Rxc4 a5 32. Rxa4 axb4 33. Rxa8 Rxa8 34. Rxb4 Rc8 35. Rb6 Rc7 36. Kh2 Kf7 37. Rb4 Kf6 38. Rc4 Ke7 39. Kg3 Kd6 40. Kf4 Kd7 41. Rc5 Kd6 42. f3 h6 43. g4 fxg4 44. hxg4 Rf7+ 45. Kg3 Rg7 46. Rh5 Rg6 47. f4 Ke7 48. g5 hxg5 49. Rxg5 Rxg5+ 50. fxg5 Kf7 51. Kf4 Kf8 52. Ke5 Ke7 53. g6 Kf8 54. Kxe6 Kg7 55. Kf5 Kg8 56. Kf6 c5 57. dxc5 Kh8 58. g7+ Kh7 59. Kf7 Kh6 60. g8Q 1-0

[Event "EU Union-ch U12"]
[Site "Kouty nad Desnou"]
[Date "2017.08.27"]
[Round "9"]
[White "Lovcican, Tomas"]
[Black "Zumrik, Lukas"]
[Result "1/2-1/2"]
[WhiteElo "1553"]
[BlackElo "1346"]
[PlyCount "58"]
[EventDate "2017.08.19"]
[EventType "swiss"]
[EventRounds "9"]
[EventCountry "CZE"]
[SourceTitle "CBM 180 Extra"]
[Source "ChessBase"]
[SourceDate "2017.10.06"]
[SourceVersion "1"]
[SourceVersionDate "2017.10.06"]
[SourceQuality "1"]

1. d4 Nf6 2. c4 c5 3. d5 e6 4. Nc3 exd5 5. cxd5 d6 6. Nf3 g6 7. Bf4 Bg7 8. e3 a6 9. a4 0-0 10. Bd3 Qb6 11. Qc2 Re8 12. 0-0 Bg4 13. Nd2 Nh5 14. Nc4 Qd8 15. Bxd6 Bf8 16. Bxf8 Kxf8 17. Be2 Bxe2 18. Qxe2 Qg5 19. Qf3 Qh4 20. Nd6 Re7 21. Nc8 Re8 22. Nb6 Ra7 23. e4 Nf6 24. Rfe1 Nbd7 25. Nc4 Qg5 26. Nd6 Rd8 27. Rad1 Ne5 28. Qg3 Qxg3 29. hxg3 Rxd6 1/2-1/2

[Event "EU Union-ch U12"]
[Site "Kouty nad Desnou"]
[Date "2017.08.25"]
[Round "7"]
[White "Kostov, Deyan Samuil"]
[Black "Zumrik, Lukas"]
[Result "1-0"]
[WhiteElo "1624"]
[BlackElo "1346"]
[PlyCount "75"]
[EventDate "2017.08.19"]
[EventType "swiss"]
[EventRounds "9"]
[EventCountry "CZE"]
[SourceTitle "CBM 180 Extra"]
[Source "ChessBase"]
[SourceDate "2017.10.06"]
[SourceVersion "1"]
[SourceVersionDate "2017.10.06"]
[SourceQuality "1"]

1. e4 e5 2. Nf3 Nf6 3. Nxe5 d6 4. Nf3 Nxe4 5. Nc3 Nxc3 6. dxc3 Nc6 7. Bf4 Be6 8. Qd2 Qd7 9. Bd3 Be7 10. 0-0-0 0-0-0 11. h3 h6 12. Bb5 a6 13. Ba4 Bf6 14. Kb1 Rhe8 15. g4 g5 16. Be3 Bg7 17. Rhe1 f5 18. Nxg5 fxg4 19. Nxe6 Qxe6 20. Bg5 Qc4 21. Bxd8 Rxe1 22. Qxe1 Qxa4 23. Bh4 Ne5 24. hxg4 Qxg4 25. Bg3 Qg6 26. f4 Nc6 27. Bh4 Kb8 28. Qg3 Qxg3 29. Bxg3 Ne7 30. Re1 Nf5 31. Bf2 Kc8 32. Kc1 Kd7 33. Kd2 c5 34. Kd3 Kc6 35. Ke4 Ne7 36. Kf3 Nd5 37. Bh4 b5 38. Rg1 1-0

[Event "EU Union-ch U12"]
[Site "Kouty nad Desnou"]
[Date "2017.08.22"]
[Round "4"]
[White "Zumrik, Lukas"]
[Black "Nespora, Tatana"]
[Result "1-0"]
[WhiteElo "1346"]
[BlackElo "1154"]
[PlyCount "57"]
[EventDate "2017.08.19"]
[EventType "swiss"]
[EventRounds "9"]
[EventCountry "CZE"]
[SourceTitle "CBM 180 Extra"]
[Source "ChessBase"]
[SourceDate "2017.10.06"]
[SourceVersion "1"]
[SourceVersionDate "2017.10.06"]
[SourceQuality "1"]

1. d4 d5 2. c4 e6 3. Nc3 Nf6 4. cxd5 exd5 5. Bf4 Be7 6. e3 0-0 7. Bd3 c6 8. Nf3 Re8 9. 0-0 Bg4 10. h3 Bh5 11. Rc1 Nbd7 12. a3 Nb6 13. Re1 Bd6 14. Bg3 Ne4 15. Bxd6 Qxd6 16. Be2 Nc4 17. Bxc4 dxc4 18. Nxe4 Rxe4 19. Rxc4 Qe6 20. Rc5 Rd8 21. Rxh5 Qg6 22. Re5 Rxe5 23. Nxe5 Qf6 24. Qb3 b5 25. Rc1 Rc8 26. a4 a6 27. axb5 axb5 28. Qxb5 Qe6 29. Rxc6 1-0

[Event "EU Union-ch U12"]
[Site "Kouty nad Desnou"]
[Date "2017.08.20"]
[Round "2"]
[White "Sosovickova, Jana"]
[Black "Zumrik, Lukas"]
[Result "1/2-1/2"]
[WhiteElo "1505"]
[BlackElo "1346"]
[PlyCount "58"]
[EventDate "2017.08.19"]
[EventType "swiss"]
[EventRounds "9"]
[EventCountry "CZE"]
[SourceTitle "CBM 180 Extra"]
[Source "ChessBase"]
[SourceDate "2017.10.06"]
[SourceVersion "1"]
[SourceVersionDate "2017.10.06"]
[SourceQuality "1"]

1. e4 e6 2. d4 d5 3. exd5 exd5 4. Nc3 Nf6 5. Nf3 c6 6. Bd3 Bd6 7. 0-0 0-0 8. Bg5 h6 9. Bh4 Bg4 10. Be2 Nbd7 11. h3 Bh5 12. Re1 Qc7 13. Bxf6 Nxf6 14. Nh4 Bxe2 15. Qxe2 Rfe8 16. Qd3 Qd7 17. Nf5 Bc7 18. Rad1 Rxe1+ 19. Rxe1 Re8 20. Rxe8+ Qxe8 21. Qe3 Qxe3 22. Nxe3 g6 23. Ng4 Nxg4 24. hxg4 Bb6 25. Ne2 Kg7 26. f4 Kf6 27. Kf2 Bc7 28. Kf3 b6 29. c3 a5 1/2-1/2

[Event "Liptovsky Mikulas V4 U11 op"]
[Site "Liptovsky Mikulas"]
[Date "2017.06.24"]
[Round "6"]
[White "Sevcikova, Lucia"]
[Black "Zumrik, Lukas"]
[Result "1/2-1/2"]
[WhiteElo "1629"]
[BlackElo "1350"]
[PlyCount "61"]
[EventDate "2017.06.22"]
[EventType "swiss"]
[EventRounds "9"]
[EventCountry "SVK"]
[SourceTitle "CBM 179 Extra"]
[Source "ChessBase"]
[SourceDate "2017.08.23"]
[SourceVersion "1"]
[SourceVersionDate "2017.08.23"]
[SourceQuality "1"]

1. e4 e5 2. Nf3 Nf6 3. Nc3 Nc6 4. Bb5 Bb4 5. d3 d6 6. h3 h6 7. Bd2 a6 8. Bc4 Be6 9. Bxe6 fxe6 10. a3 Bc5 11. Be3 Bxe3 12. fxe3 0-0 13. 0-0 Qe7 14. d4 exd4 15. exd4 Rad8 16. d5 exd5 17. exd5 Ne5 18. Re1 Nfd7 19. Nd4 Rf7 20. Ne6 Rc8 21. Rf1 Nf8 22. Nf4 Nfg6 23. Nxg6 Rxf1+ 24. Qxf1 Nxg6 25. Qf5 Qe3+ 26. Kh1 Ne7 27. Qd7 Rf8 28. Qg4 Qe5 29. Qe4 Qxe4 30. Nxe4 Nxd5 31. Re1 1/2-1/2

[Event "Liptovsky Mikulas V4 U11 op"]
[Site "Liptovsky Mikulas"]
[Date "2016.06.26"]
[Round "9"]
[White "Zumrik, Lukas"]
[Black "Rakovsky, Jakub"]
[Result "1-0"]
[WhiteElo "1260"]
[BlackElo "1063"]
[PlyCount "103"]
[EventDate "2016.06.23"]
[EventType "swiss"]
[EventRounds "9"]
[EventCountry "SVK"]
[SourceTitle "CBM 173 Extra"]
[Source "ChessBase"]
[SourceDate "2016.08.29"]
[SourceVersion "1"]
[SourceVersionDate "2016.08.29"]
[SourceQuality "1"]

1. e4 c5 2. Nf3 Nc6 3. d4 cxd4 4. Nxd4 Nxd4 5. Qxd4 Nf6 6. e5 Ng8 7. Nc3 e6 8. Qd1 Bc5 9. Bc4 d6 10. Bf4 dxe5 11. Qxd8+ Kxd8 12. Bxe5 f6 13. Bg3 e5 14. Rd1+ Ke8 15. Bb5+ Kf7 16. 0-0 Nh6 17. Rd2 Ng4 18. Rfd1 Bf5 19. Bc4+ Be6 20. Rd7+ Kg6 21. Bxe6 Rae8 22. Bf7+ Kf5 23. Bxe8 Rxe8 24. Rxg7 e4 25. Rd5+ Ne5 26. Bxe5 Rxe5 27. Rxe5+ fxe5 28. Rxh7 e3 29. fxe3 Bxe3+ 30. Kf1 Bd2 31. Rxb7 e4 32. Re7 e3 33. Ne2 Kf6 34. Rxa7 Kf5 35. c4 Ke4 36. Rd7 Ba5 37. a3 Bb6 38. b4 Bd4 39. Rxd4+ Ke5 40. c5 Ke6 41. c6 Ke7 42. c7 Kf6 43. c8Q Ke7 44. Qd7+ Kf6 45. Qe8 Kg7 46. Rd7+ Kf6 47. Qe7+ Kf5 48. Ng3+ Kg6 49. Qf7+ Kg5 50. Rd5+ Kg4 51. Qf3+ Kh4 52. Rh5# 1-0

[Event "Liptovsky Mikulas V4 U11 op"]
[Site "Liptovsky Mikulas"]
[Date "2016.06.24"]
[Round "4"]
[White "Chlpek, Daniel"]
[Black "Zumrik, Lukas"]
[Result "1-0"]
[WhiteElo "1545"]
[BlackElo "1260"]
[PlyCount "61"]
[EventDate "2016.06.23"]
[EventType "swiss"]
[EventRounds "9"]
[EventCountry "SVK"]
[SourceTitle "CBM 173 Extra"]
[Source "ChessBase"]
[SourceDate "2016.08.29"]
[SourceVersion "1"]
[SourceVersionDate "2016.08.29"]
[SourceQuality "1"]

1. e4 e5 2. f4 exf4 3. Nf3 g5 4. Bc4 g4 5. Ne5 Qh4+ 6. Kf1 Nh6 7. d4 d6 8. Nd3 Qf6 9. c3 Qe7 10. Nf2 g3 11. hxg3 fxg3 12. Bxh6 gxf2 13. Bxf8 Rxf8 14. Nd2 Bd7 15. Rxh7 Qf6 16. Qf3 Qxf3 17. Nxf3 Nc6 18. Kxf2 Na5 19. Bd3 0-0-0 20. Rah1 f5 21. exf5 Bxf5 22. Bxf5+ Rxf5 23. Rg7 Rd7 24. Rh8+ Rd8 25. Rhh7 c6 26. b4 Nc4 27. Rxb7 Re8 28. Rhc7+ Kd8 29. Rxc6 Nd2 30. Rxa7 Ne4+ 31. Kg1 1-0